Statystyki dla Gminy w powiecie wysokomazowieckim

Kliknij tutaj aby rozwiązać quiz!

Ogólne statystyki

  • Ten quiz został rozwiązany 10 razy
  • Średni wynik to 8 z 14

Statystyki odpowiedzi

Gmina% Poprawnych
Gmina miejskaWysokie Mazowieckie
100%
Gmina miejsko-wiejskaCiechanowiec
78%
Gmina miejsko-wiejskaCzyżew
78%
Gmina miejsko-wiejskaSzepietowo
78%
Gmina wiejskaKlukowo
67%
MiastoCiechanowiec
44%
MiastoCzyżew
44%
Gmina wiejskaKobylin-Borzymy
44%
Gmina wiejskaNowe Piekuty
44%
Gmina wiejskaSokoły
44%
MiastoSzepietowo
44%
MiastoWysokie Mazowieckie
44%
Gmina wiejskaKulesze Kościelne
33%
Gmina wiejskaWysokie Mazowieckie
11%

Rozkład punktacji

Percentyl według liczby udzielonych odpowiedzi

Procent ludzi z każdym wynikiem

Twoja historia wyników

Nie rozwiązałeś tego quizu